000 00951 a2200229 4500
003 Nust
005 20220722121624.0
010 _a 2003049795
020 _a8129705427
020 _a9780131428041
035 _a(OCoLC)ocm52030918
040 _cNust
082 0 0 _a004.16,MIL
100 1 _aMiller, Gene H.
_994562
245 1 0 _aMicrocomputer engineering /
_cGene H. Miller.
250 _a3rd ed.
260 _aUpper Saddle River, N.J. :
_bPearson Education,
_cc2004.
300 _axx, 571 p. :
_bill. ;
_c25 cm.
505 _aComputer Fundamentals (Page-1), Instruction Subset And Machine Language (Page-49), Assemblers And Assembly Language (Page-115), Program Structure And Design (Page-151), Advanced Assembly Language Programming (Page-193), Hardware (Page-249), Advanced 68HC11 Hardware (Page-321), Real Time Operating Systems (Page-429), Real Time System Design (Page-445)
650 0 _aMicroelectronics.
942 _2ddc
_cBK
_k004.16,MIL
999 _c176125
_d176125